El testamento de un extravagante
محفوظ في:
| المؤلف الرئيسي: | |
|---|---|
| التنسيق: | كتاب |
| اللغة: | الإسبانية |
| منشور في: |
Santiago
Publicidad y Ediciones S. A
1987
|
| الطبعة: | 1a. ed |
| سلاسل: | Obras Completas
|
| الموضوعات: | |
| الوسوم: |
إضافة وسم
لا توجد وسوم, كن أول من يضع وسما على هذه التسجيلة!
|
MARC
| LEADER | 00000cam a2200000 a 4500 | ||
|---|---|---|---|
| 001 | UCD7698 | ||
| 003 | CL-VaPUC | ||
| 008 | 170407e19870000cl |||||||||||||||||spa|d | ||
| 082 | 0 | 4 | |a 843 |b VER |2 21 |
| 100 | 0 | |a Verne, Julio |e author |9 591710 | |
| 245 | 1 | 3 | |a El testamento de un extravagante |
| 250 | |a 1a. ed | ||
| 300 | |a 157 p | ||
| 942 | |c BK | ||
| 945 | |d 20170407 16:56:00 |a dcastane | ||
| 260 | |a Santiago |b Publicidad y Ediciones S. A |c 1987 | ||
| 650 | 0 | |a Novela francesa |9 264985 | |
| 650 | 0 | |a Literatura francesa |9 266330 | |
| 583 | |a last modification |c 20170407 16:56:00 |k Rodrigo Vera | ||
| 490 | 0 | |a Obras Completas | |
| 999 | |c 367658 |d 367656 | ||
| 952 | |0 0 |1 0 |3 erb |4 0 |6 843_000000000000000_VER_1987 |7 0 |8 C |9 482676 |a BIBCUR |b BIBCUR |i 5384710 |o 843 VER 1987 |p 5384710 |r 2025-04-22 |w 2019-11-24 |y BK |z Catalogado en:20170407 |k CAC | ||